[Event "IV Festival A"]
[Site "Codogno ITA"]
[Date "2012.09.21"]
[Round "1"]
[White "Bonoldi, Fabio"]
[Black "De Palma, Fabrizio"]
[WhiteElo "1851"]
[BlackElo "2108"]
[Result "0-1"]
[PlyCount "120"]
[EventDate "2012.09.21"]

1. c4 c5 2. g3 Nc6 3. Bg2 g6 4. Nc3 Bg7 5. d3 e6 6. Nf3 Nge7 7. O-O O-O 8. Bg5
h6 9. Bf4 d6 10. Qc1 Kh7 11. h4 Nf5 12. e4 Nfd4 13. Nxd4 Nxd4 14. Qd2 a6 15.
Rae1 Qc7 16. Be3 Bd7 17. f4 f5 18. Ne2 Nc6 19. b3 Ne7 20. Kh2 Bc6 21. Nc3 b5
22. Bg1 b4 23. Ne2 Rad8 24. Qc2 e5 25. Rd1 Bb7 26. Qd2 a5 27. Be3 Rc8 28. Ng1
Ng8 29. exf5 gxf5 30. Bh3 Ne7 31. Qe2 d5 32. fxe5 Bxe5 33. Bf4 Bxf4 34. Rxf4 d4
35. Bg2 Bxg2 36. Qxg2 Ng6 37. Rf2 Nxh4 38. Qh3 Ng6 39. Nf3 Kg7 40. Re1 f4 41.
Re4 fxg3+ 42. Qxg3 Qxg3+ 43. Kxg3 Rf5 44. Nh4 Nxh4 45. Rxh4 Rg5+ 46. Kh3 Re8
47. Rhf4 Re1 48. Rf7+ Kg6 49. R7f6+ Kh5 50. R6f4 Rh1+ 51. Rh2 Rxh2+ 52. Kxh2
Re5 53. Rf6 Re3 54. Rf5+ Kg4 55. Rxc5 Rxd3 56. Rd5 Rd2+ 57. Kg1 Kg3 58. Rf5
Rd1+ 59. Rf1 Rxf1+ 60. Kxf1 Kf4 0-1

[Event "IV Festival A"]
[Site "Codogno ITA"]
[Date "2012.09.21"]
[Round "1"]
[White "Brioschi, Camillo"]
[Black "Martino, Antonio M."]
[WhiteElo "1822"]
[BlackElo "1976"]
[Result "0-1"]
[PlyCount "120"]
[EventDate "2012.09.21"]

1. d4 Nf6 2. c4 g6 3. Nc3 d5 4. Bf4 Bg7 5. e3 c5 6. dxc5 Qa5 7. Rc1 Ne4 8. cxd5
Nxc3 9. Qd2 Qxa2 10. bxc3 Qa5 11. e4 O-O 12. Bh6 Qxc5 13. Bxg7 Kxg7 14. Qd4+
Qxd4 15. cxd4 a5 16. Bb5 Bd7 17. Bxd7 Nxd7 18. Rb1 a4 19. Ne2 Rfb8 20. Rb5 a3
21. Kd2 Ra6 22. Kc2 Nf6 23. f3 Ne8 24. e5 b6 25. Nc3 Nc7 26. Rb3 b5 27. Rb4 Ra5
28. Na2 Nxd5 29. Rb3 b4 30. Kb1 Rab5 31. Rc1 g5 32. g3 R8b7 33. Rc4 Kg6 34. Ka1
R7b6 35. Nc1 Kf5 36. h3 h5 37. Nd3 g4 38. fxg4+ hxg4 39. h4 f6 40. Rc1 Nc3 41.
exf6 exf6 42. Nc5 Ne2 43. Rf1+ Kg6 44. Rd1 Rd6 45. Rbd3 f5 46. Nb3 Nc3 47. Re1
Ne4 48. Rc1 Nc3 49. Re1 Kf6 50. Rde3 Rbd5 51. Re8 Ne4 52. Rc1 Nxg3 53. Rcc8 Rd7
54. Rf8+ Rf7 55. Rh8 f4 56. Rc6+ Kg7 57. Rch6 f3 58. Nc5 Rxc5 59. dxc5 f2 60.
R8h7+ Kf8 0-1

[Event "IV Festival A"]
[Site "Codogno ITA"]
[Date "2012.09.21"]
[Round "1"]
[White "Carrai, Giacomo"]
[Black "Mussap, Angelo"]
[WhiteElo "1827"]
[BlackElo "2051"]
[Result "0-1"]
[PlyCount "80"]
[EventDate "2012.09.21"]

1. d4 e6 2. Nf3 d5 3. c4 Nf6 4. Nc3 Be7 5. Bg5 Nc6 6. e3 O-O 7. Rc1 h6 8. Bh4
Ne4 9. Bxe7 Qxe7 10. Bd3 f5 11. O-O Nxc3 12. Rxc3 Bd7 13. cxd5 exd5 14. Qb3 Qd6
15. Rfc1 Rab8 16. e4 fxe4 17. Bxe4 Be6 18. Bb1 Qf4 19. Rd1 g5 20. Qc2 Bf5 21.
Qc1 Qxc1 22. Rcxc1 Bxb1 23. Rxb1 Rf4 24. b4 Rbf8 25. b5 Na5 26. h3 Nc4 27. Rb3
Re8 28. Kf1 Rfe4 29. Rbb1 Re2 30. Re1 Rxe1+ 31. Rxe1 Rxe1+ 32. Kxe1 Na3 33. h4
gxh4 34. Nxh4 Nxb5 35. Nf5 Kf7 36. Kd2 Kf6 37. Ne3 Ke6 38. Kd3 b6 39. g4 Nd6
40. f4 c6 0-1

[Event "IV Festival A"]
[Site "Codogno ITA"]
[Date "2012.09.21"]
[Round "1"]
[White "Castrogiovanni, Carlo"]
[Black "Tagliaferri, Valerio"]
[WhiteElo "1963"]
[BlackElo "1807"]
[Result "1-0"]
[PlyCount "121"]
[EventDate "2012.09.21"]

1. d4 f5 2. Nc3 Nf6 3. Bg5 d5 4. Nf3 Nbd7 5. e3 e6 6. a3 a5 7. Bd3 c6 8. O-O
Bd6 9. Ne2 O-O 10. c4 h6 11. Bf4 Bxf4 12. Nxf4 Qe8 13. b4 g5 14. Ne2 Ne4 15. b5
dxc4 16. Bxc4 Nb6 17. Bd3 cxb5 18. Ne5 Nd6 19. Qb3 Bd7 20. Nc3 Bc6 21. Rab1
Nbc4 22. Nxc4 Nxc4 23. Bxc4 bxc4 24. Qxc4 Rc8 25. Qb3 Qf7 26. Nb5 Qe7 27. Na7
Bd5 28. Nxc8 Rxc8 29. Qb2 Bc4 30. Rfc1 b5 31. Rc3 a4 32. Rbc1 h5 33. f3 Rf8 34.
Qc2 Rf7 35. Rxc4 bxc4 36. Qxa4 f4 37. e4 g4 38. fxg4 hxg4 39. Rxc4 Qh4 40. Rc1
f3 41. Rf1 g3 42. hxg3 Qxe4 43. gxf3 Rxf3 44. Qe8+ Kg7 45. Qe7+ Kh8 46. Qe8+
Kh7 47. Qe7+ Kh8 48. Rxf3 Qxf3 49. Qh4+ Kg7 50. Qg5+ Kh7 51. Qe5 Qxa3 52. Kh2
Qf3 53. Kh3 Qh1+ 54. Kg4 Qd1+ 55. Kg5 Qf3 56. Qc7+ Kg8 57. Qd8+ Kf7 58. Qd7+
Kf8 59. Qd6+ Kg7 60. Qe7+ Kh8 61. Qf6+ 1-0

[Event "IV Festival A"]
[Site "Codogno ITA"]
[Date "2012.09.21"]
[Round "1"]
[White "Coppola, Federico"]
[Black "Sanchez, Joseph"]
[WhiteElo "1930"]
[BlackElo "2534"]
[Result "0-1"]
[PlyCount "35"]
[EventDate "2012.09.21"]

1. e4 d5 2. exd5 Nf6 3. d4 Nxd5 4. c4 Nb6 5. Nc3 g6 6. Nf3 Bg7 7. Be2 O-O 8.
Be3 Bg4 9. h3 Bxf3 10. Bxf3 Nc6 11. c5 Nc4 12. Bxc6 bxc6 13. Qe2 Nxe3 14. fxe3
e5 15. O-O exd4 16. Rad1 Qh4 17. Rf4 Qh6 18. Ne4 0-1

[Event "IV Festival A"]
[Site "Codogno ITA"]
[Date "2012.09.21"]
[Round "1"]
[White "Faraoni, Enrico"]
[Black "Regorda, Vittorio"]
[WhiteElo "2075"]
[BlackElo "1828"]
[Result "1-0"]
[PlyCount "25"]
[EventDate "2012.09.21"]

1. e4 e6 2. d4 d5 3. e5 c5 4. c3 Nc6 5. Nf3 Qb6 6. Bd3 Bd7 7. dxc5 Bxc5 8. O-O
Nh6 9. b4 Be7 10. Qe2 a6 11. Nbd2 Rc8 12. Nb3 Na7 13. Be3 1-0

[Event "IV Festival A"]
[Site "Codogno ITA"]
[Date "2012.09.21"]
[Round "1"]
[White "Ferretti, Alessandro"]
[Black "Bongiorni, Gabriele"]
[WhiteElo "2035"]
[BlackElo "1823"]
[Result "1-0"]
[PlyCount "107"]
[EventDate "2012.09.21"]

1. e4 c5 2. Nf3 d6 3. d4 cxd4 4. Nxd4 Nf6 5. Nc3 g6 6. Be3 a6 7. f3 b5 8. Qd2
Bb7 9. Be2 Nbd7 10. O-O Bg7 11. a4 b4 12. Nd1 Rb8 13. Nf2 O-O 14. Nd3 a5 15.
Kh1 Qc8 16. Rfc1 Ne5 17. Nxe5 dxe5 18. Nb5 Rd8 19. Bd3 Ba6 20. Qf2 Qb7 21. Ba7
Bxb5 22. axb5 Rbc8 23. Bb6 Rd6 24. Bxa5 Rd4 25. Qe1 b3 26. Bc3 Rxd3 27. cxd3
Bh6 28. Bd2 Rxc1 29. Rxc1 Bxd2 30. Qxd2 Qxb5 31. g3 Nd7 32. Qc3 Nb6 33. Kg2 Na4
34. Qc4 Qxc4 35. dxc4 Nxb2 36. Rc3 Kf8 37. Kf1 Ke8 38. Ke2 Kd7 39. Kd2 Kc6 40.
Kc1 Na4 41. Rxb3 Nc5 42. Ra3 f5 43. Kc2 fxe4 44. fxe4 Nxe4 45. Re3 Nd6 46. Rxe5
Nxc4 47. Rxe7 Kd6 48. Rxh7 Ke6 49. Kd3 Ne5+ 50. Ke2 Kf5 51. Rh4 g5 52. Ra4 g4
53. Ke3 Ng6 54. Ra5+ 1-0

[Event "IV Festival A"]
[Site "Codogno ITA"]
[Date "2012.09.21"]
[Round "1"]
[White "Hainke, Guntram"]
[Black "Gozzini, Giambattista"]
[WhiteElo "2318"]
[BlackElo "1865"]
[Result "1-0"]
[PlyCount "67"]
[EventDate "2012.09.21"]

1. d4 d5 2. c4 e6 3. Nc3 Be7 4. Nf3 Nf6 5. cxd5 exd5 6. Bg5 c6 7. Qc2 Na6 8. a3
Nc7 9. e3 O-O 10. Bd3 h6 11. Bh4 Nce8 12. O-O Nd6 13. Ne5 Ng4 14. Bg3 Nxe5 15.
dxe5 Nc4 16. e4 Be6 17. Rfd1 Qc8 18. exd5 cxd5 19. Rac1 Nb6 20. Qe2 Qd8 21. f4
a6 22. f5 Bd7 23. Rf1 Bg5 24. Rce1 d4 25. Ne4 Bc6 26. Qg4 Be3+ 27. Kh1 Bxe4 28.
Qxe4 Qd5 29. Qg4 Qd7 30. e6 fxe6 31. fxe6 Rxf1+ 32. Rxf1 Qe8 33. Qe4 g6 34. Rf7
1-0

[Event "IV Festival A"]
[Site "Codogno ITA"]
[Date "2012.09.21"]
[Round "1"]
[White "Marcori, Mirko"]
[Black "D'Orta, Antonio"]
[WhiteElo "1804"]
[BlackElo "1938"]
[Result "0-1"]
[PlyCount "90"]
[EventDate "2012.09.21"]

1. d4 c6 2. c4 d5 3. cxd5 Nf6 4. dxc6 Nxc6 5. e3 e5 6. Bb5 Bb4+ 7. Nc3 O-O 8.
Bxc6 bxc6 9. Nge2 Ba6 10. O-O e4 11. Qa4 Qb6 12. Rd1 Rfd8 13. a3 Bd6 14. Ng3
Bd3 15. Rd2 a5 16. Qd1 Rab8 17. Rxd3 exd3 18. Qxd3 g6 19. Nge4 Nxe4 20. Qxe4
Re8 21. Qf3 Qxd4 22. Qxc6 Qc5 23. Qf3 f5 24. g3 Be5 25. Na4 Qc4 26. Nc3 Bxc3
27. bxc3 Qxc3 28. Qd5+ Kf8 29. Qd6+ Kf7 30. Qd4 Qxd4 31. exd4 Re1+ 32. Kg2 Rd1
33. Bb2 Rxa1 34. Bxa1 Rb3 35. a4 Ke6 36. f4 Ra3 37. d5+ Kxd5 38. Bh8 Rxa4 39.
h3 Re4 40. Kf3 a4 41. g4 a3 42. gxf5 gxf5 43. h4 a2 44. Kf2 Rxf4+ 45. Ke2 Rxh4
0-1

[Event "IV Festival A"]
[Site "Codogno ITA"]
[Date "2012.09.21"]
[Round "1"]
[White "Popovich, Fabio"]
[Black "Ventura, Franco"]
[WhiteElo "1832"]
[BlackElo "2091"]
[Result "1-0"]
[PlyCount "73"]
[EventDate "2012.09.21"]

1. e4 c5 2. Nc3 Nc6 3. f4 e6 4. Nf3 a6 5. g3 Nge7 6. Bg2 d5 7. O-O d4 8. Ne2 g6
9. d3 Bg7 10. g4 f5 11. gxf5 exf5 12. Ng3 O-O 13. Qe2 Rb8 14. Ng5 h6 15. Nf3
Qc7 16. Bd2 Bd7 17. h4 Rbe8 18. Rae1 b5 19. Qf2 fxe4 20. dxe4 Nb4 21. Bxb4 cxb4
22. Nxd4 g5 23. hxg5 hxg5 24. f5 Ng6 25. Nh5 Nf4 26. Nxg7 Kxg7 27. Nf3 Rh8 28.
Qd4+ Kg8 29. Qf6 Qc5+ 30. Rf2 Nxg2 31. Kxg2 Re7 32. Rd1 g4 33. Nh4 Rf7 34. Qd8+
Kg7 35. Qg5+ Kf8 36. Ng6+ Ke8 37. Nxh8 1-0

[Event "IV Festival A"]
[Site "Codogno ITA"]
[Date "2012.09.21"]
[Round "1"]
[White "Stella, Andrea"]
[Black "Montoli, Marco"]
[WhiteElo "2456"]
[BlackElo "1926"]
[Result "1-0"]
[PlyCount "85"]
[EventDate "2012.09.21"]

1. Nf3 Nf6 2. c4 g6 3. g3 Bg7 4. Bg2 d5 5. cxd5 Nxd5 6. Nc3 Nb6 7. O-O O-O 8.
d4 Nc6 9. d5 Na5 10. e4 c6 11. Bf4 cxd5 12. Nxd5 Nxd5 13. exd5 Nc4 14. Qb3 Nb6
15. Rfd1 Bd7 16. Rd2 Rc8 17. Re1 Re8 18. Ne5 Bxe5 19. Bxe5 Nc4 20. Rde2 Nxe5
21. Rxe5 Qc7 22. h4 e6 23. R5e3 exd5 24. Bxd5 Bc6 25. Rxe8+ Rxe8 26. Rxe8+ Bxe8
27. Qxb7 Qxb7 28. Bxb7 Kf8 29. f4 f6 30. Kf2 Ke7 31. b4 Kd6 32. Ke3 Bf7 33. a3
h6 34. Kd4 g5 35. a4 Be8 36. b5 Bd7 37. Be4 gxh4 38. gxh4 Be8 39. Kc4 Bh5 40.
a5 Be2+ 41. Kb4 Bh5 42. b6 axb6 43. a6 1-0

[Event "IV Festival A"]
[Site "Codogno ITA"]
[Date "2012.09.21"]
[Round "1"]
[White "Swannie, Douglas"]
[Black "De Santis, Alessio"]
[WhiteElo "1922"]
[BlackElo "2325"]
[Result "0-1"]
[PlyCount "94"]
[EventDate "2012.09.21"]

1. d4 b6 2. Nf3 Bb7 3. g3 Bxf3 4. exf3 d5 5. Bg2 e6 6. O-O Bd6 7. c4 c6 8. b3
Nf6 9. Bb2 O-O 10. Nd2 a5 11. f4 a4 12. Qc2 a3 13. Bc3 Na6 14. Rad1 Bb4 15. Nb1
Qd6 16. Qe2 Rfc8 17. Qe5 Qf8 18. Ba1 Nd7 19. Qe2 Qd6 20. Nc3 Nf6 21. Qe5 Qd8
22. h3 Ra7 23. g4 Bd6 24. Qe3 Re7 25. Ne2 Qc7 26. Bc3 Nd7 27. Bd2 Nf8 28. Qf3
Ng6 29. Be3 Nh4 30. Qg3 g5 31. Bc1 Ng6 32. Qf3 gxf4 33. Nc3 Qd8 34. Rfe1 Nb4
35. g5 Ra7 36. Qg4 Ra5 37. h4 dxc4 38. Ne4 Be7 39. bxc4 Nc2 40. h5 Nxe1 41.
hxg6 Nxg2 42. gxf7+ Kxf7 43. Kxg2 Qg8 44. d5 cxd5 45. Qxf4+ Ke8 46. cxd5 Rxd5
47. Rxd5 exd5 0-1

[Event "IV Festival A"]
[Site "Codogno ITA"]
[Date "2012.09.22"]
[Round "2"]
[White "Bongiorni, Gabriele"]
[Black "Swannie, Douglas"]
[WhiteElo "1823"]
[BlackElo "1922"]
[Result "1-0"]
[PlyCount "64"]
[EventDate "2012.09.21"]

1. Nf3 d5 2. d4 Nc6 3. c4 Bg4 4. e3 e5 5. Qb3 Bxf3 6. gxf3 Bb4+ 7. Bd2 Bxd2+ 8.
Nxd2 exd4 9. cxd5 dxe3 10. Qxe3+ Nce7 11. Bb5+ Kf8 12. O-O-O Nxd5 13. Qc5+ Nge7
14. Ne4 c6 15. Bc4 b6 16. Qa3 Qc7 17. Rhe1 Rd8 18. Kb1 Kg8 19. h4 h6 20. Qd3
Ng6 21. Qc2 Qf4 22. h5 Nh4 23. Bxd5 cxd5 24. Ng3 Nxf3 25. Rxd5 Qb8 26. Red1 Rc8
27. Qd3 Ng5 28. Nf5 Re8 29. Ne7+ Rxe7 30. Rd8+ Re8 31. Rxb8 Rxb8 32. Qf5 Ne6
1-0

[Event "IV Festival A"]
[Site "Codogno ITA"]
[Date "2012.09.22"]
[Round "2"]
[White "Corso, Gabriele"]
[Black "Faraoni, Enrico"]
[WhiteElo "1764"]
[BlackElo "2075"]
[Result "1/2-1/2"]
[PlyCount "97"]
[EventDate "2012.09.21"]

1. e4 d6 2. d4 Nf6 3. Nc3 g6 4. Nf3 Bg7 5. Be3 O-O 6. Bc4 Nxe4 7. Nxe4 d5 8.
Bb3 dxe4 9. Ng5 Nc6 10. c3 e5 11. dxe5 Qe7 12. e6 Bxe6 13. Bxe6 fxe6 14. Nxe4
Rad8 15. Qb3 Qh4 16. Qxe6+ Kh8 17. Bg5 Rde8 18. Bxh4 Rxe6 19. f3 Ne5 20. Ke2
Nc4 21. Rab1 Nd6 22. Kd3 Nxe4 23. fxe4 Rf4 24. Bg3 Rfxe4 25. Rhe1 Rxe1 26. Rxe1
Rxe1 27. Bxe1 Be5 28. h3 Kg7 29. Ke4 Kf6 30. b3 Ke6 31. c4 Bh2 32. Bf2 Bd6 33.
Bd4 b6 34. Be3 c6 35. Bd4 Bg3 36. Be3 Bc7 37. Bd4 a6 38. Be3 b5 39. Bd4 Bg3 40.
Bc5 h5 41. Be3 bxc4 42. bxc4 h4 43. Bd4 Kd6 44. Be3 Be1 45. Bd4 a5 46. a4 Bd2
47. Bf2 g5 48. Bd4 Bf4 49. Bf2 1/2-1/2

[Event "IV Festival A"]
[Site "Codogno ITA"]
[Date "2012.09.22"]
[Round "2"]
[White "D'Orta, Antonio"]
[Black "Ficco, Corrado"]
[WhiteElo "1938"]
[BlackElo "2099"]
[Result "0-1"]
[PlyCount "88"]
[EventDate "2012.09.21"]

1. e4 c5 2. Nf3 e6 3. c4 d6 4. d4 cxd4 5. Nxd4 Nf6 6. Nc3 a6 7. Be2 Qc7 8. Be3
Be7 9. Rc1 b6 10. O-O Bb7 11. f3 O-O 12. b4 Nbd7 13. Qb3 Rfe8 14. Rfd1 Rac8 15.
Bf1 Qb8 16. Bf2 Bf8 17. a3 Qa8 18. g3 Ne5 19. Na4 Ned7 20. Bg2 d5 21. exd5 exd5
22. cxd5 Bxd5 23. Qd3 b5 24. Nb2 Rxc1 25. Rxc1 Rc8 26. Rxc8 Qxc8 27. Qc2 Qb7
28. Nd3 Ng4 29. Nf4 Nxf2 30. Nxd5 Qxd5 31. Qxf2 Qc4 32. Bf1 Qc3 33. Nc2 Ne5 34.
f4 Nf3+ 35. Kg2 Nd2 36. Ne3 Nxf1 37. Kxf1 Qxa3 38. Qd2 Qxb4 39. Qd8 Qe7 40. Qd3
Qa3 41. Qe4 b4 42. f5 b3 43. Nc4 Qc1+ 44. Kg2 Qc2+ 0-1

[Event "IV Festival A"]
[Site "Codogno ITA"]
[Date "2012.09.22"]
[Round "2"]
[White "De Palma, Fabrizio"]
[Black "Popovich, Fabio"]
[WhiteElo "2108"]
[BlackElo "1832"]
[Result "1/2-1/2"]
[PlyCount "33"]
[EventDate "2012.09.21"]

1. d4 g6 2. Nc3 Bg7 3. e4 d6 4. Nf3 Nd7 5. Be2 Ngf6 6. O-O O-O 7. Re1 c5 8. a4
b6 9. h3 Bb7 10. d5 Ne8 11. Bf4 h6 12. Qd2 Kh7 13. Bf1 Ne5 14. Nxe5 dxe5 15.
Be3 Nd6 16. a5 f5 17. f3 1/2-1/2

[Event "IV Festival A"]
[Site "Codogno ITA"]
[Date "2012.09.22"]
[Round "2"]
[White "De Santis, Alessio"]
[Black "Castrogiovanni, Carlo"]
[WhiteElo "2325"]
[BlackElo "1963"]
[Result "1-0"]
[PlyCount "57"]
[EventDate "2012.09.21"]

1. Nf3 Nf6 2. c4 d6 3. Nc3 c6 4. d4 Nbd7 5. e4 Qc7 6. Be2 g6 7. h3 Bg7 8. Be3
e5 9. d5 O-O 10. Nd2 cxd5 11. cxd5 a6 12. a4 b6 13. Rc1 Qd8 14. O-O Bb7 15. b4
Qe7 16. Nc4 a5 17. b5 Qd8 18. Nxd6 Rb8 19. Qd2 Ne8 20. Nxb7 Rxb7 21. Nb1 Nd6
22. f3 f5 23. Rc6 Nf6 24. Nc3 fxe4 25. fxe4 Nfxe4 26. Nxe4 Nxe4 27. Qc2 Rxf1+
28. Bxf1 Nd6 29. Rxd6 1-0

[Event "IV Festival A"]
[Site "Codogno ITA"]
[Date "2012.09.22"]
[Round "2"]
[White "Gozzini, Giambattista"]
[Black "Brioschi, Camillo"]
[WhiteElo "1865"]
[BlackElo "1822"]
[Result "1/2-1/2"]
[PlyCount "114"]
[EventDate "2012.09.21"]

1. e4 e5 2. Nf3 Nc6 3. Bb5 a6 4. Ba4 Nf6 5. d3 d6 6. c3 Be7 7. O-O Bg4 8. Nbd2
O-O 9. Re1 b5 10. Bb3 Na5 11. Bc2 c5 12. Nf1 Nc6 13. Be3 Re8 14. Ng3 Bf8 15. h3
Bd7 16. d4 cxd4 17. cxd4 g6 18. Qd2 Qa5 19. Rad1 Qxd2 20. Rxd2 Rad8 21. d5 Nb4
22. Bb1 a5 23. a3 Na6 24. Bb6 Rc8 25. Bxa5 Bh6 26. Rdd1 Rc4 27. Bd2 Bxd2 28.
Nxd2 Rc7 29. Rc1 Rec8 30. Rxc7 Rxc7 31. Nb3 Nc5 32. Rc1 Ne8 33. Nxc5 dxc5 34.
Ne2 Nd6 35. b4 c4 36. Rc3 Ra7 37. Kf1 Ra8 38. Ke1 Kf8 39. Kd2 Ke7 40. f3 f5 41.
Ke1 f4 42. Kd1 g5 43. Kc1 h5 44. Kb2 g4 45. hxg4 hxg4 46. Bc2 gxf3 47. gxf3 Rg8
48. Kc1 Rg2 49. Kd2 Rh2 50. Bb1 Nc8 51. Bc2 Nb6 52. Ke1 Rh1+ 53. Kd2 Kd6 54.
Bd1 Bh3 55. Rc1 Rh2 56. Ke1 Rh1+ 57. Kd2 Rh2 1/2-1/2

[Event "IV Festival A"]
[Site "Codogno ITA"]
[Date "2012.09.22"]
[Round "2"]
[White "Grudina, Marco"]
[Black "Ventura, Franco"]
[WhiteElo "1833"]
[BlackElo "2091"]
[Result "0-1"]
[PlyCount "72"]
[EventDate "2012.09.21"]

1. e4 c5 2. Nf3 d6 3. d4 cxd4 4. Nxd4 Nf6 5. Nc3 g6 6. f4 Nfd7 7. Be3 Bg7 8.
Qd2 O-O 9. O-O-O Nc6 10. Nb3 Nf6 11. h3 Be6 12. Nd4 Nxd4 13. Bxd4 Qa5 14. a3
Rfc8 15. Bd3 Bc4 16. Qe2 b5 17. g4 Bxd3 18. Qxd3 b4 19. Nb1 bxa3 20. Nxa3 Rab8
21. g5 Nh5 22. Bxg7 Kxg7 23. Rhf1 Rb4 24. c3 Qa4 25. Rde1 Rxb2 26. Kxb2 Rb8+
27. Kc1 Qxa3+ 28. Kd2 e5 29. fxe5 Rb2+ 30. Ke3 dxe5 31. Qc4 Qe7 32. h4 Nf4 33.
Ra1 Qd7 34. Rxa7 Qd2+ 35. Kf3 Qg2+ 36. Ke3 Re2+ 0-1

[Event "IV Festival A"]
[Site "Codogno ITA"]
[Date "2012.09.22"]
[Round "2"]
[White "Martino, Antonio M."]
[Black "Hainke, Guntram"]
[WhiteElo "1976"]
[BlackElo "2318"]
[Result "0-1"]
[PlyCount "130"]
[EventDate "2012.09.21"]

1. c4 c5 2. Nc3 Nc6 3. g3 g6 4. Bg2 Bg7 5. e4 e6 6. Nge2 Nge7 7. O-O d6 8. d3
O-O 9. Be3 Nd4 10. Rb1 Nec6 11. Qd2 a6 12. Bh6 Rb8 13. Bxg7 Kxg7 14. Nxd4 cxd4
15. Ne2 e5 16. f4 f6 17. f5 g5 18. g4 Bd7 19. Kf2 Be8 20. h4 h6 21. hxg5 hxg5
22. Rh1 Bf7 23. Rh2 Qa5 24. Rbh1 Rh8 25. Qxa5 Nxa5 26. Rxh8 Rxh8 27. Rxh8 Kxh8
28. Nc1 b5 29. cxb5 axb5 30. b4 Nc6 31. a3 Ne7 32. Ne2 Nc8 33. Bf3 Nb6 34. Nc1
Na4 35. Bd1 Nc3 36. Bc2 d5 37. Ne2 dxe4 38. Nxc3 exd3 39. Bxd3 dxc3 40. Ke3 Be8
41. Be4 Kg7 42. Kd3 Kf8 43. Kxc3 Ke7 44. Bf3 Kd6 45. Bd1 Kd5 46. Be2 Ke4 47. a4
bxa4 48. b5 Ke3 49. b6 Bc6 50. Bb5 Bb7 51. Bxa4 Kf4 52. Kb4 e4 53. Kc5 Kxg4 54.
Bc6 Bxc6 55. Kxc6 e3 56. b7 e2 57. b8=Q e1=Q 58. Qh8 Qe4+ 59. Kd6 Qxf5 60. Ke7
Kg3 61. Qh1 g4 62. Qg1+ Kh4 63. Qh2+ Kg5 64. Kf7 Qd7+ 65. Kg8 Kg6 0-1

[Event "IV Festival A"]
[Site "Codogno ITA"]
[Date "2012.09.22"]
[Round "2"]
[White "Montoli, Marco"]
[Black "Carrai, Giacomo"]
[WhiteElo "1926"]
[BlackElo "1827"]
[Result "1/2-1/2"]
[PlyCount "70"]
[EventDate "2012.09.21"]

1. c4 Nf6 2. Nf3 c5 3. g3 b6 4. Bg2 Bb7 5. O-O e6 6. Nc3 Be7 7. b3 O-O 8. Bb2
d6 9. d4 cxd4 10. Qxd4 Nbd7 11. Rfd1 a6 12. Rac1 Qc7 13. Ne1 Bxg2 14. Nxg2 Rfe8
15. Ne3 Bf8 16. Na4 Nc5 17. Nxc5 dxc5 18. Qe5 Qc6 19. Qf4 Be7 20. Ng4 Nxg4 21.
Qxg4 Bf8 22. Rd2 Rad8 23. Rcd1 Rxd2 24. Rxd2 Re7 25. Qf3 Qxf3 26. exf3 Rb7 27.
Rd8 f6 28. Ra8 a5 29. Rd8 Kf7 30. Rd2 Ke7 31. Kf1 Rd7 32. Rxd7+ Kxd7 33. Ke2
Be7 34. f4 g6 35. f3 f5 1/2-1/2

[Event "IV Festival A"]
[Site "Codogno ITA"]
[Date "2012.09.22"]
[Round "2"]
[White "Mussap, Angelo"]
[Black "Stella, Andrea"]
[WhiteElo "2051"]
[BlackElo "2456"]
[Result "0-1"]
[PlyCount "54"]
[EventDate "2012.09.21"]

1. e4 c5 2. Nf3 d6 3. d4 cxd4 4. Nxd4 Nf6 5. Nc3 a6 6. Bg5 Nbd7 7. Be2 e6 8.
O-O b5 9. Be3 Bb7 10. f3 b4 11. Na4 d5 12. exd5 Nxd5 13. Bf2 Qa5 14. b3 Nc5 15.
Nxc5 Bxc5 16. Bc4 O-O 17. Qe1 Qc7 18. Kh1 Rad8 19. Bd3 Nf4 20. Ne2 Bxf2 21.
Rxf2 Nxd3 22. cxd3 a5 23. Rd1 Ba6 24. Nc1 Rd5 25. Rfd2 Rfd8 26. Qg3 Qb6 27. Qf4
Rf5 0-1

[Event "IV Festival A"]
[Site "Codogno ITA"]
[Date "2012.09.22"]
[Round "2"]
[White "Regorda, Vittorio"]
[Black "Coppola, Federico"]
[WhiteElo "1828"]
[BlackElo "1930"]
[Result "0-1"]
[PlyCount "74"]
[EventDate "2012.09.21"]

1. d4 Nf6 2. c4 e6 3. Nf3 b6 4. g3 Ba6 5. b3 Bb4+ 6. Bd2 Be7 7. Bg2 c6 8. O-O
O-O 9. Re1 d5 10. Ne5 Nfd7 11. cxd5 Nxe5 12. dxe5 cxd5 13. Bc3 Nc6 14. e3 Qc7
15. f4 Rac8 16. a3 Rfe8 17. Bd4 Nxd4 18. exd4 Qc2 19. Nd2 Qb2 20. Nf3 Rc2 21.
Bf1 Bxf1 22. Rxf1 Qxb3 23. Ne1 Qe3+ 24. Kh1 Rc4 25. Qd3 Qxd3 26. Nxd3 Rxd4 27.
Nb4 Rc8 28. Rfc1 Rdc4 29. Rxc4 Rxc4 30. Ra2 g6 31. Kg2 a5 32. Nc2 b5 33. Rb2 b4
34. axb4 axb4 35. Ne3 Rc3 36. Ng4 b3 37. Kh3 Ba3 0-1

[Event "IV Festival A"]
[Site "Codogno ITA"]
[Date "2012.09.22"]
[Round "2"]
[White "Sanchez, Joseph"]
[Black "Ferretti, Alessandro"]
[WhiteElo "2534"]
[BlackElo "2035"]
[Result "0-1"]
[PlyCount "58"]
[EventDate "2012.09.21"]

1. e4 c5 2. Nf3 Nc6 3. Nc3 Nf6 4. Bb5 Nd4 5. Ba4 b5 6. Nxb5 Nxb5 7. Bxb5 Nxe4
8. O-O e6 9. Ne5 Rb8 10. Ba4 Bd6 11. Nc4 Bc7 12. d4 O-O 13. d5 Rb4 14. Bb3 Ba6
15. Ne3 Bxf1 16. Qxf1 Nf6 17. Bd2 Rb8 18. Qc4 Be5 19. Qxc5 Ne4 20. Qa5 Bc7 21.
Qxa7 Nxd2 22. Ba4 Bb6 23. Qa6 Bxe3 24. fxe3 Ne4 25. Qc4 Nf6 26. Bb3 Qb6 27. Re1
Nxd5 28. Qd3 Nf6 29. a4 d5 0-1

[Event "IV Festival A"]
[Site "Codogno ITA"]
[Date "2012.09.22"]
[Round "2"]
[White "Tagliaferri, Valerio"]
[Black "Bonoldi, Fabio"]
[WhiteElo "1807"]
[BlackElo "1851"]
[Result "1/2-1/2"]
[PlyCount "80"]
[EventDate "2012.09.21"]

1. e4 d6 2. d4 g6 3. c4 Bg7 4. Nc3 Nf6 5. f3 O-O 6. Be3 e5 7. Nge2 Nc6 8. d5
Ne7 9. Qd2 Nd7 10. g4 a5 11. Ng3 Nc5 12. h4 f5 13. gxf5 gxf5 14. Nh5 f4 15. Qg2
Rf7 16. Bxc5 dxc5 17. O-O-O Ng6 18. Qf2 Bf8 19. Bh3 Bxh3 20. Rxh3 Bd6 21. Rg1
Kh8 22. Qg2 Qf8 23. Nb5 Qd8 24. Nxd6 cxd6 25. Qg4 Qe7 26. Rh2 Raf8 27. Kc2 Qd8
28. Qg5 Qd7 29. b3 b5 30. cxb5 Qd8 31. a4 Rg8 32. Rhg2 Rgf8 33. Kc3 Rg8 34. Rg4
Ne7 35. Qh6 Rxg4 36. Rxg4 Ng6 37. Qg5 Qf8 38. Kc4 Ne7 39. Rg1 Nc8 40. Qg2 Nb6+
1/2-1/2

[Event "IV Festival A"]
[Site "Codogno ITA"]
[Date "2012.09.22"]
[Round "3"]
[White "Bongiorni, Gabriele"]
[Black "Marcori, Mirko"]
[WhiteElo "1823"]
[BlackElo "1804"]
[Result "1/2-1/2"]
[PlyCount "115"]
[EventDate "2012.09.21"]

1. c4 b6 2. Nf3 Bb7 3. Nc3 e6 4. e4 Bb4 5. Qc2 d6 6. Ne2 d5 7. a3 dxe4 8. axb4
exf3 9. gxf3 Bxf3 10. Rg1 Bxe2 11. Bxe2 g6 12. b3 Ne7 13. Bb2 Rg8 14. Bf6 Nd7
15. Bc3 c6 16. h4 Qc7 17. h5 Qh2 18. O-O-O Qxf2 19. hxg6 hxg6 20. Qd3 Qf5 21.
Qe3 e5 22. Bg4 Qf4 23. Bxd7+ Kxd7 24. Qh3+ Qf5 25. Qg3 f6 26. Rdf1 Qe6 27. Qd3+
Kc7 28. Qe4 Rad8 29. Rxf6 Qd7 30. Bxe5+ Kb7 31. Rd6 Qf5 32. Qxf5 Nxf5 33. Rdxg6
Rxg6 34. Rxg6 Nd4 35. Rg7+ Ka6 36. Bxd4 Rxd4 37. Kc2 Rd6 38. Kc3 Rh6 39. Rd7
Rg6 40. c5 b5 41. Rd6 Rg3+ 42. d3 Kb7 43. Rd7+ Ka6 44. Rd6 Kb7 45. Kd4 Rg4+ 46.
Ke5 Kc7 47. Rd4 Rg6 48. Rh4 Rg5+ 49. Ke4 Kb7 50. d4 Ka6 51. Rf4 Kb7 52. Rf5 Rg3
53. Rf7+ Ka6 54. Rc7 Re3+ 55. Kf4 Rf3+ 56. Ke5 Rf5+ 57. Kd6 Rf6+ 58. Kd7
1/2-1/2

[Event "IV Festival A"]
[Site "Codogno ITA"]
[Date "2012.09.22"]
[Round "3"]
[White "Bonoldi, Fabio"]
[Black "Gozzini, Giambattista"]
[WhiteElo "1851"]
[BlackElo "1865"]
[Result "0-1"]
[PlyCount "112"]
[EventDate "2012.09.21"]

1. c4 Nf6 2. g3 e6 3. Bg2 d5 4. cxd5 exd5 5. d3 c6 6. Nf3 Bd6 7. O-O O-O 8. b3
Re8 9. Bb2 Nbd7 10. e3 a5 11. Nc3 Ne5 12. Nxe5 Bxe5 13. Qd2 d4 14. Nd1 dxe3 15.
fxe3 Bxb2 16. Nxb2 Ng4 17. e4 Qd4+ 18. Kh1 Ne5 19. Nc4 b6 20. Qf4 f6 21. Rad1
Ba6 22. Qf2 Qxf2 23. Rxf2 Rad8 24. Rfd2 Bxc4 25. dxc4 Rxd2 26. Rxd2 Kf7 27. Kg1
Ke7 28. h3 Rd8 29. Rxd8 Kxd8 30. Bf1 Ke7 31. Kf2 Kd6 32. Ke3 Kc5 33. a3 Kd6 34.
Be2 c5 35. Bd1 Ng6 36. Be2 Ke5 37. Bd1 Ne7 38. Bc2 Nc6 39. Bd1 Nd4 40. g4 Ne6
41. h4 Nf4 42. h5 h6 43. Bf3 Ne6 44. Be2 Nf8 45. Bd1 g6 46. hxg6 Nxg6 47. Be2
Nf4 48. Bd1 Ne6 49. Be2 Kd6 50. Bd1 Ke7 51. e5 fxe5 52. Ke4 Kf6 53. Kd5 Nd4 54.
b4 axb4 55. axb4 cxb4 56. c5 bxc5 0-1